Statistics for Matt Bomer Filmography

Click here to take the quiz!

General Stats

  • This quiz has been taken 3 times
    (2 since last reset)
  • The average score is 12 of 44

Answer Stats

Type Year Name % Correct
TV Show2009-2014White Collar
100%
TV Show2014-2016American Horror Story
50%
Film2018Papi Chulo
50%
Film2017Anything
50%
Film2012Magic Mike
50%
Theater2011, 20128
50%
Film2011In Time
50%
TV Show2007-2009Chuck
50%
Film2015Magic Mike XXL
50%
TV Show2007Traveler
50%
Film2016The Magnificent Seven
50%
TV Show2016-2017The Last Tycoon
50%
Film2005Flightplan
50%
Film2014Space Station 76
50%
TV Show2003-2004Tru Calling
50%
TV Film2014The Normal Heart
50%
Film2016The Nice Guys
50%
TV Show2002-2003Guiding Light
50%
TV Show2018-2019Will & Grace
50%
Web Series2019-PresentDoom Patrol
50%
Film2017Walking Out
50%
Theater1995A Streetcar Named Desire
0%
Film2018Viper Club
0%
TV Show2018American Crime Story
0%
Web Series2018Titans
0%
Theater2018The Boys in the Band
0%
Film2018Jonathan
0%
TV Show2013The New Normal
0%
TV Documentary2014Hunted: The War Against Gays in Russia
0%
Film2014Winter's Tale
0%
Theater1998Joseph and the Amazing Technicolor Dreamcoat
0%
Film2013Superman: Unbound
0%
TV Show2012Glee
0%
Theater2007Villa America
0%
TV Film2006Amy Coyne
0%
Film2006The Texas Chainsaw Massacre: The Beginning
0%
TV Show2004North Shore
0%
Theater2003Roulette
0%
Documentary2003War Birds: Diary of an Unknown Aviator
0%
TV Show2002Relic Hunter
0%
TV Show2000All My Children
0%
TV Show2020The Sinner
0%

Score Distribution

Percentile by Number Answered

Percent of People with Each Score

Your Score History

You have not taken this quiz since the last reset